000 00549nam a2200169Ia 4500
005 20250423101741.0
008 250422s9999 xx 000 0 und d
020 _a0898795567
050 _aPN 141 .W75/
245 0 _aWriting, A to Z : the terms, procedures, and facts of the writing business defined, explained, and put within reach
260 _aCincinnati
260 _bWriter's Digest Books
260 _c1990
300 _a539 p
650 _a Authorship --Vocational guidance --Dictionaries. Mass media --Dictionaries.
942 _cBK
999 _c37171
_d37171